| 000 | 00395cam a2200169 4500 | ||
|---|---|---|---|
| 001 | D12594 | ||
| 008 | 090401t1918 xxu||||| |||| 00| 0 eng d | ||
| 035 | _a(Sirsi) u4529 | ||
| 041 | _aeng | ||
| 100 | _aDavies, Daniel | ||
| 245 | _aProblems in land and mine surveying | ||
| 260 |
_aLondon _bCharles Griffin _c1918 |
||
| 350 | _a0 | ||
| 520 | _aShelf 303 | ||
| 942 | _n0 | ||
| 948 | _c04/03/1997 | ||
| 999 |
_c86038 _d86038 |
||